00791nam a2200229Ia 4500003000900000008004100009020001800050040001600068080002300084245010100107260003500208300001500243650002900258650001900287650002600306650002100332700002700353700003200380942000700412999001500419952012700434IN-BaIIA211028s9999 xx 000 0 eng d a0-12-029307-2 cIIA Library a047.1:539.1bADV-7 0aAdvances in nuclear science and technologybvol. 7cedited by Ernest Henley J and Jeffery Lewins aNew YorkbAcademic Pressc1973 axiv, 379p. aHigh energy interactions aNASA Thesaurus aNuclear physics91527 aNuclear research aHenley, Ernest J., ed. aLewins, Jeffery., ed.97219 cBK c4368d4368 00104070aBANbBANcGENd1974-03-19g186.20l0o047.1:539.1/ ADV-7p4875r2021-11-05v186.20w1974-03-19yBKGRs. 186.20